| 000 | 00802 a2200277 4500 | ||
|---|---|---|---|
| 001 | 200042831 | ||
| 999 |
_c200042831 _d13674 |
||
| 003 | TR-AnTOB | ||
| 005 | 20230802133856.0 | ||
| 008 | 140529r20082009tu 000 0 | ||
| 020 | _a9786053890164 | ||
| 040 | _aTR-AnTOB | ||
| 041 | _atur | ||
| 050 | 1 | 4 |
_aBF637.C5 _b.O93 2009 |
| 090 | _aBF637.C5 .O93 2009 | ||
| 100 | 1 |
_aÖzdengül, Faik _977938 |
|
| 245 | 1 | 0 |
_aRumi ve aşkın terapi / _cFaik Özdengül. |
| 264 | 1 |
_aKonya ;: _bKonya Kültür A.Ş. , _c2009. |
|
| 300 |
_a270 p. _bill. _c23 cm. |
||
| 650 | 7 |
_aÖzyapabilirlik (Psikoloji) _2etuturkob _977245 |
|
| 650 | 0 |
_aSelf-actualization (Psychology) _916898 |
|
| 650 | 0 |
_aConduct of life _918649 |
|
| 650 | 0 |
_aYaşam biçimi _9125365 |
|
| 700 | 1 |
_aBirekul, Mehmet _977243 |
|
| 942 | _cBK | ||